LEADER 01912aam 2200373 n 450 001 9910985842703321 005 20250618102223 010 $a83-8142-419-4 035 $a(CKB)4100000009266001 035 $a(ceeol)ceeol850594 035 $a(CEEOL)850594 035 $a(EXLCZ)994100000009266001 100 $a20252218d2019 ||l | 101 0 $apol 200 1 $aModele wielopoziomowe. Wykorzystanie danych regionalnych w badaniach mikroekonomicznych i socjologicznych$fWojciech Grabowski 210 $a?ód? [Poland] $cWydawnictwo Uniwersytetu ?ódzkiego$d2019 215 $a1 online resource (1 p. 262) 225 $aUniwersytet ?ódzki 311 08$a83-8142-418-6 330 $aThe monograph "Multilevel Models. The Use of Regional Data in Microeconomic and Sociological Research" presents the methods of conducting the analysis of individual level arrangements under the conditions of mesoeconomic categories availability. Both linear and generalized linear multilevel models have been discussed, and also methods for estimating multilevel parameters, multiequation probit models and multilevel models that take into consideration the problem of sample selection have been proposed. The empirical applications contained in the publication concern such issues as remuneration, business innovation, the way of reacting to the occurrence of a legal problem. 606 $aEconomy 606 $aMicro-Economics 606 $aSocio-Economic Research 615 0$aEconomy 615 0$aMicro-Economics 615 0$aSocio-Economic Research 700 $aGrabowski$b Wojciech$01826352 712 02$aCentral and Eastern European Online Library 801 0$bceeol 801 1$bceeol 906 $aBOOK 912 $a9910985842703321 996 $aModele wielopoziomowe. Wykorzystanie danych regionalnych w badaniach mikroekonomicznych i socjologicznych$94394322 997 $aUNINA